| 000 | 01431nam a2200421 i 4500 | ||
|---|---|---|---|
| 001 | 6303 | ||
| 003 | KOSZ 005 | ||
| 005 | 20220323114523.0 | ||
| 008 | 970510s1992 pl a |000 0 pol | ||
| 015 | _aUWD 1993/3393 | ||
| 035 | _a991000905619705066 | ||
| 035 | _a(PL-WaBN)b10279337-48omnis_nlop | ||
| 035 | _ab10279337 | ||
| 035 | _a(OCoLC)749657150 | ||
| 035 | _a(PL)b0000001027933 | ||
| 035 | _a(EXLNZ-48OMNIS_NETWORK)9910161001105606 | ||
| 040 |
_aWA N _cWA N _dKOSZ 005/HR |
||
| 046 | _k1992 | ||
| 080 | _a678.7.02 | ||
| 100 | 1 |
_aSikora, Robert _d(1938- ) _eAutor |
|
| 245 | 1 | 0 |
_aPodstawy przetwórstwa tworzyw wielkocząsteczkowych / _cRobert Sikora ; Politechnika Lubelska. |
| 260 |
_aLublin : _bWydawnictwa Uczelniane PL, _c1992. |
||
| 300 |
_a501 s., [1] k. tabl. złoż. : _bfot., rys., wykr. ; _c24 cm. |
||
| 336 |
_aTekst _btxt _2rdacontent |
||
| 337 |
_aBez urządzenia pośredniczącego _bn _2rdamedia |
||
| 338 |
_aWolumin _bnc _2rdacarrier |
||
| 380 | _aKsiążki | ||
| 388 | _a1901-2000 | ||
| 388 | _a1989-2000 | ||
| 500 | _aU góry okł. nazwa przedmiotu : Mechanika. | ||
| 504 | _aBibliogr. przy rozdz. | ||
| 650 | 7 |
_aTworzywa sztuczne _2DBN |
|
| 650 | 7 | _aTechnologia chemiczna | |
| 658 | _aInżynieria i technika | ||
| 856 |
_uhttp://koha.tu.koszalin.pl/cgi-bin/koha/opac-detail.pl?biblionumber=6303 _yKatalog online BPK |
||
| 942 |
_2UKD _cKS |
||
| 999 |
_c6303 _d6303 |
||